000 00697nam a2200229Ia 4500
001 7695
003 GE_BSU
008 181216s||||||||xx |||||||||||||| ||und||
020 _a9941919855
040 _cGE_BSU
080 _a27-247
245 _aმოქვის სახარება (ალბომი)
245 4 _bThe Mokvi Gospel
245 _cრედ.ლია ახობაძე
260 _aთბილისი
260 _bშპს ფაფორიტი პრინტი
260 _c2012
300 _a280გვ.ილ.21სმ.
300 _eბიბლიოგრ. გვ.265-276
653 _aმოქვის სახარება
942 _cBK
999 _c41046
_d41046